Municípios (Concelhos) dos Açores com um mapa - Statistics

Estatísticas Gerais
  • Esse quiz foi jogado 310 vezes
    301 desde o último reset
  • A pontuação média é 14 de 19
Respostas no mapa
Respostas codificadas por cores de uma escala verde-vermelha no mapa do quiz de acordo com a % correta abaixo.
 
Estatísticas das Respostas
Resposta % Correto
Ponta Delgada
93%
Vila do Corvo
91%
Angra do Heroísmo
86%
Horta
85%
Ribeira Grande
77%
Nordeste
76%
Lajes das Flores
74%
Lajes do Pico
74%
Santa Cruz da Graciosa
73%
Santa Cruz da Praia da Vitória
73%
Santa Cruz das Flores
70%
São Roque do Pico
70%
Lagoa
69%
Velas
69%
Vila Franca do Campo
69%
Calheta
68%
Povoação
68%
Madalena
67%
Vila do Porto
65%
Nenhum quiz correspondente encontrado
Distribuição das Pontuações
Porcentagem de Pessoas com Cada Pontuação
Percentil de Números Respondidos
Sua Pontuação Histórica
Você não jogou esse quiz desde o último reset